Váš sklad a úroky Majstrovský list. Technika práce, prevádzková prax, riadenie ľudí.

Súvislosť skladového hospodárenia, stavu skladových zásob s úverovým účtom v banke. Číselné údaje potrebné pre vedenie účtovníctva. Zdôrazňovanie prevencie pred následnou kontrolou kvality výrobkov v nemeckých podnikoch. Kontrola výkonov pracovníkov. Postup pri vykonávaní kontroly.

Guardado en:
Detalles Bibliográficos
Formato: Capítulo de libro
Lenguaje:eslovaco
Materias:
Etiquetas: Agregar Etiqueta
Sin Etiquetas, Sea el primero en etiquetar este registro!

MARC

LEADER 00000naa a2200000 4500
001 r000795
005 20221213123223.0
041 0 |a slo 
044 |a SK 
245 1 0 |a Váš sklad a úroky  |b Majstrovský list. Technika práce, prevádzková prax, riadenie ľudí. 
520 |a Súvislosť skladového hospodárenia, stavu skladových zásob s úverovým účtom v banke. Číselné údaje potrebné pre vedenie účtovníctva. Zdôrazňovanie prevencie pred následnou kontrolou kvality výrobkov v nemeckých podnikoch. Kontrola výkonov pracovníkov. Postup pri vykonávaní kontroly. 
610 2 0 |a hospodárstvo skladové 
610 2 0 |a zásoby 
610 2 0 |a úrok 
610 2 0 |a kontrola 
610 2 0 |a výkony pracovné